Biblioteca

La enciclopedia práctica del docente / Octavio Villegas (Registro nro. 39680)

Detalles MARC
000 -LÍDER
Campo fijo de descripción fija 009580000a22002050004500
020 ## - NÚMERO INTERNACIONAL NORMALIZADO PARA LIBROS
Número Internacional Normalizado del libro 84-8055-482-7
041 0# - CÓDIGO DE IDIOMA
Código de idioma para texto/pista de sonido o título separado
082 04 - NÚMERO DE CLASIFICACIÓN DECIMAL DEWEY
Número de clasificación G 370.1 V732m
001 - NÚMERO DE CONTROL
Campo de control 9833
100 1# - ASIENTO PRINCIPAL--NOMBRE PERSONAL
Nombre personal Villegas, Octavio
245 10 - TÍTULO
Título del Material La enciclopedia práctica del docente / Octavio Villegas
260 ## - PUBLICACIÓN, DISTRIBUCIÓN, ETC. (PIE DE IMPRENTA)
Lugar de publicación, distribución, etc. Madrid, España : Cultural
300 ## - DESCRIPCIÓN FÍSICA
Extensión 312 p.
336 ## - CONTENT TYPE
Content type term texto
Content type code txt
Source rdacontent
337 ## - MEDIA TYPE
Source rdamedia
Media type term sin mediación
Media type code n
338 ## - CARRIER TYPE
Source rdacarrier
Carrier type term volumen
Carrier type code nc
505 00 - NOTA DE CONTENIDO
Nota de contenido con formato preestablecido El docente -- Proceso de enseñanza-aprendizaje -- problemas de aprendizaje -- Psicología del desarrollo en la educación -- Organización de la labor docente en la actividad educativa -- Material educativo -- Evaluación educativa -- Currículo diversificado -- Los centros educativos rurales -- Psicología del aprendizaje cognitivo
650 14 - ASIENTO SECUNDARIO DE MATERIA - TERMINO TEMÁTICO
Término temático o nombre geográfico como elemento de entrada DESARROLLO INFANTIL \ PSICOPEDAGOGIA \ FORMACIÓN DE DOCENTES \ EDUCACION - ENSEÑANZA \ APRENDIZAJE \ EDUCACION DE NIÑOS
942 ## - TIPO DE MATERIAL (KOHA)
Tipo de Item KOHA Libros General
Existencias
Estado de Material Estado de Perdido Estado de Dañado No para Préstamo Colección Tomo Biblioteca de Origen Biblioteca Permanente Fecha de Adquisición Total de Préstamos Signatura Topográfica Código de Barras Última vez visto Ejemplar/Existencia Fecha de Remplazo Tipo de Material
        Colección General   Biblioteca FUSBC Biblioteca FUSBC 20/01/2005   G 370.1 V732m 24878 12/12/2019 1 26/01/2016 Libros General

Biblioteca FUSBC | Teléfono: (57+4) 349 88 10 Ext. 141| WhatsApp (+57) 3005338115 
E-mail: biblioteca@unisbc.edu.co | Calle 76 87-14 Robledo Palenque, Medellín, Colombia

Con tecnología Koha